00378nam a2200121 a 4500008004100000020001500041050001700056100001900073245010600092260003200198300001700230350000900247120416s1974 ||||||||||||||||| || u a0704320428 aGV 942.5 Moy aMoynihan, John10aFootball fever : John Moynihan's international survey of the players, the teams and their influences. aLondonbQuartet Booksc1974 a160p. : ill. a0.00